banner-ar

المؤتمر السنوى الثانى عن حالة الديمقراطية فى مصر يوليو 2010 : (Record no. 59811)

MARC details
000 -الفاتح
حقل البيانات ثابتة الطول 01374nam a22002897a 4500
005 - وقت وتاريخ اخر تعامل مع التسجيلة
رقم الضبط 20240530110337.0
008 - عناصر البيانات ثابتة الطول - معلومات عامة
حقل البيانات ثابتة الطول 141021s2010 ua gr 100 0 ara d
017 ## - رقم الايداع القانونى
رقم الايداع القانونى 3648/2011
المصدر ( الهيئة المختصة) مصر . دار الكتب
020 ## - الرقم الدولى المعيارى للكتب
الرقم الدولى المعيارى للكتاب 9789773134051
040 ## - مصدر الفهرسة
وكالة الفهرسة الأصلية EG-CaGPL
082 04 - رقم تصنيف ديوى العشرى
رقم الطبعة 21
رقم التصنيف 324.6962
رقم المادة ق/م أ
111 0# - المدخل الرئيسى - اسم مؤتمر
اسم المؤتمر أو اسم السلطة كمدخل الجمعية المصرية للنهوض بالمشاركة المجتمعية
245 12 - بيان العنوان
العنوان المؤتمر السنوى الثانى عن حالة الديمقراطية فى مصر يوليو 2010 :
بقية العنوان الانتخابات وتداول السلطة فى مصر /
بيان المسئوليه,etc الجمعية المصرية للنهوض بالمشاركة المجتمعية ؛ تحرير مدحت الزاهد
250 ## - بيان الطبعة
بيان الطبعة ط1
260 ## - PUBLICATION, DISTRIBUTION, ETC. (IMPRINT)
تاريخ النشر أو التوزيع 2010
300 ## - الوصف المادى
التعداد 274 ص ؛
أبعاد الوعاء 24 سم
650 04 - المدخل الاضافى بالموضوع-مصطلح موضوعى
مصطلح موضوعي الانتخابات
التقسيم الفرعي الجغرافي مصر
650 04 - المدخل الاضافى بالموضوع-مصطلح موضوعى
مصطلح موضوعي التصويت
650 04 - المدخل الاضافى بالموضوع-مصطلح موضوعى
مصطلح موضوعي حق الانتخاب
التقسيم الفرعي الجغرافي مصر
650 04 - المدخل الاضافى بالموضوع-مصطلح موضوعى
مصطلح موضوعي العلوم السياسية
650 04 - المدخل الاضافى بالموضوع-مصطلح موضوعى
مصطلح موضوعي الانتخابات
التقسيم الفرعي العام حملات
التقسيم الفرعي الجغرافي مصر
651 04 - المدخل الاضافى بالموضوع - اسم جغرافى
الاسم الجغرافي مصر
التقسيم الفرعي العام الاحوال السياسية
700 0# - المدخل الاضافى - اسم شخصى
الإسم الشخصى مدحت الزاهد
الدور محرر
711 ## - المدخل الاضافى -عنوان مؤتمر
اسم المؤتمر أو اسم السلطة كمدخل المؤتمر السنوى الثانى عن حالة الديمقراطية فى مصر يوليو 2010
942 ## - عناصر المدخل الإضافي( كوها)
مصدر التصنيف او مخطط الترفيف Dewey Decimal Classification
Koha [default] item type كتاب
260 ## - PUBLICATION, DISTRIBUTION, ETC. (IMPRINT)
-- القاهرة :
-- الجمعية المصرية للنهوض بالمشاركة المجتمعية ،
Holdings
حالة التراجع حالة الفقد حالة تلف ليس للاعارة المكان المؤقت الموقع الحالى تاريخ الاكتساب اجمالي اﻻعارات رقم الطلب الباركود تاريخ اخر مشاهدة تاريخ تفعيل السعر نوع وعاء كوها
        مكتبة القاهرة الكبرى مكتبة القاهرة الكبرى 10/21/2014   324.6962 ق/م أ 158764 10/21/2014 10/21/2014 كتاب

Powered By

EGPV